000 00576nam a2200205Ia 4500
005 20250923145053.0
008 008 250917s9999 xx 000 0 eng d
037 _aTextual
040 _aDSWL
_beng
_cDSWL
041 _aeng
_2eng
084 _aX:97K.3.N6, K4
_qDSWL
100 _aClegg, H.A.
_9831476
245 0 _aGeneral union in a changing Society
_cby H.A. Clegg
260 _aOxford
_bBasil Blackwell
_c1964
300 _ax,144p.
365 _aINR
_b21
925 _g21
942 _cTEXL
_hX:97K.3.N6, K4
999 _c1446723
_d1446723